Регионална библиотека "Любен Каравелов" - Русе

Expose du Gouvernement Bulgare au sujet de la plainte grecque devant le Conseil de Securite pres L'Organisation des Nations Unies (Запис номер 405798)

MARC детайли
000 -Лидер
Контролно поле с фиксирана дължина 01213nam a2200301 a 4500
003 - Код на организацията, давaща контролен номер
Контролно поле BLK
005 - Дата и час на последна редакция
Контролно поле 20250127102513.0
008 - Елементи от данни с фиксирана дължина
fixed length control field 210323b bul|||||r ||||||| ||bul||
040 ## - Източник на каталожния запис
Идентификатор на билиотеката - собственик на записа BLK
041 ## - Код за език
Код за езика на текст/звукозапис или на отделно заглавие Френски
Код за езика КДБФ Френски
080 ## - УДК
Текстов определител УДК Международни политически отношения. Световна политика. Международна политика. Дипломация
УДК код - определител по УДК 327
УДК определител (497.2)
УДК - код + определител 327(497.2)
139 ## - Редно поле
Редна дума Expose du Gouvernement Bulgare au sujet de la plainte grecque devant le Conseil de Securite pres L'Organisation des Nations Unies
245 10 - Сведения за заглавието
Заглавие Expose du Gouvernement Bulgare au sujet de la plainte grecque devant le Conseil de Securite pres L'Organisation des Nations Unies
257 ## - Страна на издаване
Страна на създаване/издаване България
260 ## - Област на издателските данни
Място на издаване, разпространение и проч. Sofia
Година на издаване 1947
300 ## - Физическа характеристика
Страници 11 с.
Размери/Мащаб 27 см
380 ## - Жанр
Жанр Обществени науки
650 #0 - Допълнително описание по предмет – тема
Основно описание – тема или топоним България - политика
9 (RLIN) 243743
650 #0 - Допълнително описание по предмет – тема
Основно описание – тема или топоним Отечествен фронт - България
9 (RLIN) 274618
651 #4 - Допълнително описание по предмет - топоним
Географско понятие България
9 (RLIN) 241624
653 ## - Ключова дума – ненормативна
Ключова дума вътрешна политика
700 1# - Други автори (авторска отговорност)
Лично име Georgiev, Kimon
Автороска отговорност (Описва отношението между автора и произведението) *
9 (RLIN) 335877
852 ## - Местоположение
Форматна сигнатура Цб 3.270.32180
Фондова буква Хранилище
856 4# - Електронен адрес и достъп
Електронен формат pdf - файл
856 4# - Електронен адрес и достъп
Електронен формат pdf - файл
999 ## - СИСТЕМНИ КОНТРОЛНИ НОМЕРА
Koha biblionumber 405798
Koha biblioitemnumber 405798
942 ## - АРТИКУЛИ
Вид на библиотечния материал Книги
Скрит в OPAC Не
Периодичен библиозапис Да
944 ## - СЪЗДАВАНЕ И РЕДАКЦИЯ на ЗАПИСА
Създаване/Редакция Създаване
Дата на регистрацията/редакция 2021-04-06
Служител, извършил регистрацията/редакцията 30560
Статус, дата на статуса Геновева Генчева
Наличности
Код за отписване Код за изгубен артикул Източник на класификационната схема Код за повреда Коз за рестрикции Код за отдаване Артикулен № Име на библиотеката - собственик Име на библиотеката, в която се намира в момента Статус (Текущо местоположение) Дата на вписване в системата Местоположение - отдел Цена в лева Инвентарен номер Систематично азбучна сигнатура Баркод Цена в евро Служебен тип на артикула
  Не е изгубен Universal Decimal Classification Не е повреден само за читалня ползва се в читалня 819775 Регионална библиотека "Любен Каравелов" Русе Регионална библиотека "Любен Каравелов" Русе Хранилище 2021-04-07 Основен фонд - ползва се само за читалня 0.32 32180 Цб 3.270.32180 900000051451 0.16 Книги
Vip Innovations Ltd, Rousse, Bulgaria 2025